| 000 | 00000nam##2200000za#4500 |
| 001 | 9.644220 |
| 003 | CaOODSP |
| 005 | 20210624224537 |
| 007 | cr ||||||||||| |
| 008 | 150407|1981||||xxc|||||o f|0| 0 fre|d |
| 040 | |aCaOODSP|bfre |
| 043 | |an-cn--- |
| 086 | 1 |aA43-1538/1981F-PDF |
| 110 | 1 |aCanada.|bAgriculture Canada. |bService de l'information. |
| 245 | 10|aLes phytoptes vésiculaires de l'érable |h[ressource électronique] |
| 260 | |aOttawa - Ontario : |bAgriculture Canada. |cc1981. |
| 300 | |a4p.|bill., tableaux |
| 500 | |aPublication historique numérisée par Agriculture et Agroalimentaire Canada. |
| 590 | |a15-02-Supp|b2015-02-16 |
| 775 | 08|tMaple bladdergall mites |w(CaOODSP)9.700323 |
| 856 | 40|ahttp://publications.gc.ca|qPDF|s248 Ko|uhttps://publications.gc.ca/collections/collection_2015/aac-aafc/A43-1538-1981-fra.pdf |
| 986 | |aPublication 1538 |